Vtipy pre deti 2 /
Vtipy na každý deň, ktorými môžeš baviť rodičov alebo cez prestávku rozosmiať celú triedu! Vieš, čo robí sova v noci, keď nemôže spať? Alebo aký je rozdiel medzi školou a domovom? Vďaka tejto knihe sa staneš triednym zabávačom a vhodný vtip budeš mať vždy poruke.
Uloženo v:
| Hlavní autor: | |
|---|---|
| Médium: | E-kniha |
| Jazyk: | Czech |
| Vydáno: |
Praha :
Albatros Media Slovakia s.r.o.,
2026
|
| Tagy: |
Žádné tagy |
| LEADER | 01267nam a22002297i 4500 | ||
|---|---|---|---|
| 001 | 303396 | ||
| 007 | ta | ||
| 008 | 260519s2026 xr ||||| |||| 00| 0 cze d | ||
| 020 | |a 9788056652527 | ||
| 044 | |a xr | ||
| 100 | 1 | |a Bolyová, Adriana |4 aut | |
| 245 | 1 | 0 | |a Vtipy pre deti 2 / |c Bolyová, Adriana |
| 264 | 1 | |a Praha : |b Albatros Media Slovakia s.r.o., |c 2026 | |
| 300 | |a 1 online zdroj (72 stran) | ||
| 336 | |a text |b txt |2 rdacontent | ||
| 337 | |a bez média |b n |2 rdamedia | ||
| 338 | |a online zdroj |b cr |2 rdacarrier | ||
| 520 | 2 | |a Vtipy na každý deň, ktorými môžeš baviť rodičov alebo cez prestávku rozosmiať celú triedu! Vieš, čo robí sova v noci, keď nemôže spať? Alebo aký je rozdiel medzi školou a domovom? Vďaka tejto knihe sa staneš triednym zabávačom a vhodný vtip budeš mať vždy poruke. | |
| 910 | |a RBIT002 | ||
| 998 | |d 427181 |a https://core.palmknihy.cz/api/books/427181/cover?tf5f4n |b https://core.palmknihy.cz/api/books/427181/cover/400?tf5f4n |c https://core.palmknihy.cz/api/books/427181/cover/50?tf5f4n |e 2037-12-31 |g 72 |i 9788056652527 |j https://core.palmknihy.cz/api/books/427181/preview.epub |k https://core.palmknihy.cz/api/books/427181/preview.pdf |l |q 49 |r 1 |s https://www.palmknihy.cz/kniha/427181 |t ebook |y 2026 |z 1 | ||
| 999 | |d 303394 | ||